000 00264nam a22001217a 4500
008 170323b xxu||||| |||| 00| 0 eng d
041 _aeng
080 _a616.9
100 _a8
101 _aSHM
245 _aHEPARTITIS C INFECTIONS
_cSTIFFEL.T.S
942 _2udc
_cBK
999 _c8443
_d8443